| 000 | 00438nam a2200169Ia 4500 | ||
|---|---|---|---|
| 003 | GCL | ||
| 008 | 140319s9999 xx 000 0 eng d | ||
| 040 |
_aGCL / _cGCL |
||
| 082 | 0 | 4 |
_aCC _b493 _bS E |
| 100 | 1 | _aSCOTT, JOSEPH | |
| 245 | 1 | 0 |
_aEGYPTIAN HIEROGLYPHS FOR EVERYONE / _cSCOTT, JOSEPH |
| 260 |
_a[S.N] : _bFUNK& WAGNALLS ، _c1968 |
||
| 300 | _a95 P | ||
| 650 | 0 | 4 | _aHIEROGLYPHIC |
| 650 | 0 | 4 | _aEGYPTIAN LANGUAGE |
| 942 |
_2ddc _cBK |
||
| 999 |
_c20413 _d20413 |
||